| 000 | 00593nam a22001937a 4500 | ||
|---|---|---|---|
| 003 | KOHA_MİRAKIL | ||
| 005 | 20251221154757.0 | ||
| 008 | 251221b tu ||||| |||| 00| 0 tur d | ||
| 020 | _a9786057789181 | ||
| 040 |
_aTR-AnABB _btur _cTR-AnABB |
||
| 041 | _atur | ||
| 082 |
_a791.436256226 _bBAL 2021 |
||
| 100 | 1 | _aBalcı, Şeyma, | |
| 245 | 1 | 0 |
_aTürk sinemasında aidiyetsizliğin mekanı kayıplar ve ölüler kenti İstanbul / _cŞeyma Balcı |
| 260 |
_aAnkara : _bPhoenix Yayınevi, _c2021 |
||
| 300 |
_a317 sayfa ; _c24 cm |
||
| 650 | 0 | 4 | _aSinema filmleri |
| 942 |
_2ddc _cBK |
||
| 999 |
_c9858 _d9858 |
||
| 900 | _bGizem YORULMAZ | ||